Dağlık Karabağ (Record no. 1499)

MARC details
000 -BAŞLIK
Sabit Uzunlukta Kontrol Alanı 00736na a2200253 4500
001 - KONTROL NUMARASI
Denetim Alanı 15109
003 - KONTROL NUMARASI IDENTIFIER
Denetim Alanı MIRAKIL
005 - SON İŞLEM TARİHİ VE ZAMANI
Denetim Alanı 20181213154824.0
008 - SABİT-BOY VERİ ELEMANLARI - GENEL BİLGİLER
Sabit Uzunlukta Kontrol Alanı 160917b tu 000 0
020 ## - ULUSLARARASI STANDART KİTAP NUMARASI
Uluslararası Standart Kitap Numarası 9786059912648
035 ## - SİSTEM KONTROL NUMARASI
Sistem Kontrol Numarası 15109
040 ## - KATALOGLAMA KAYNAK
Orijinal Kataloglama Ajansı Milas
Kataloglama Dili tur
Metne Dönüştürmek Ajansı TR-AnCHP
082 ## - DEWEY ONLU SINIFLANDIRMA NUMARASI
Sınıflandırma Numarası 947.553
Ürün Numarası M33d 2015
090 ## - SINIFLAMA NUMARASI
Sınıflama Numarası 947.553 M33d 2015
100 ## - ANA GİRİŞ - KİŞİSEL İSİM
Kişisel Ad Mehdiyev,Ramiz
245 ## - BAŞLIK TABLOSU
Başlık Dağlık Karabağ
Başlığın Kalan Kaynakların diliyle tarih
Sorumluluk Tablosu, Vb Ramiz Mehdiyev; çeviren Araz Aslanlı
246 ## - UNVAN FORM VARYING
Başlık Doğru / Kısa Başlığı Kaynakların diliyle tarih
260 ## - YAYIN, DAĞITIM, VB
Yayın, Dağıtım, Vb Yeri Ankara
Yayıncı, Dağıtıcı, Vs Adı Berikan Yayınevi
Yayın, Dağıtım, Vb Tarihi 2015
300 ## - FİZİKSEL TANIM
Kapsam 224 s.
Boyutlar 20 sm.
651 ## - KONU KATMA GİRİŞ - COĞRAFİ ADI
Coğrafi İsim Nagorno-Karabağ
Genel Alt Bölümü Tarih
Coğrafi Alt Bölümü Azerbaycan
651 ## - KONU KATMA GİRİŞ - COĞRAFİ ADI
Coğrafi İsim Dağlık Karabağ
Genel Alt Bölümü Tarih
700 ## - KATMA GİRİŞ - KİŞİSEL İSİM
Kişisel Ad Aslanlı, Araz
942 ## - EKLENDİ GİRİŞ ELEMANLARI (KOHA)
Sınıflandırma Veya Raf Düzeni Kaynak Dewey Decimal Classification
Koha Öğesi Türü Books
999 ## - SİSTEM KONTROL NUMARALARI (KOHA)
Koha Biblionumber 1499
Koha Biblioitemnumber 1499
Holdings
Kalıcı Konum Mevcut Konum Edinme Tarihi Edinim Kaynak Toplam Check-Out'Lar Tam Çağrı Numarası Barkod Tarih Son Görülme İtibaren Geçerli Fiyatlar Koha Öğesi Türü
CHP Kütüphanesi CHP Kütüphanesi 09/03/2016 Bağış   947.553 M33d 2015 003259 09/03/2016 09/03/2016 Books